<?xml version="1.0" encoding="UTF-8"?>
<record
    xmlns:xsi="http://www.w3.org/2001/XMLSchema-instance"
    xsi:schemaLocation="http://www.loc.gov/MARC21/slim http://www.loc.gov/standards/marcxml/schema/MARC21slim.xsd"
    xmlns="http://www.loc.gov/MARC21/slim">

  <leader>00584nam a22001577a 4500</leader>
  <controlfield tag="003">OSt</controlfield>
  <controlfield tag="005">20150908120920.0</controlfield>
  <controlfield tag="008">150908b        xxu||||| |||| 00| 0 eng d</controlfield>
  <datafield tag="040" ind1=" " ind2=" ">
    <subfield code="c">RUA</subfield>
  </datafield>
  <datafield tag="082" ind1=" " ind2=" ">
    <subfield code="a">AGR &#x1783;&#x17B9;&#x1798; 1992 B005 Or.1</subfield>
  </datafield>
  <datafield tag="100" ind1=" " ind2=" ">
    <subfield code="9">145</subfield>
    <subfield code="a">&#x1783;&#x17B9;&#x1798; &#x1785;&#x1793;&#x17D2;&#x1793;&#x17B8;</subfield>
  </datafield>
  <datafield tag="245" ind1=" " ind2=" ">
    <subfield code="a">&#x179B;&#x1791;&#x17D2;&#x1792;&#x1797;&#x17B6;&#x1796;&#x1794;&#x17C6;&#x1795;&#x17D2;&#x179B;&#x17B6;&#x1789;&#x1796;&#x1784;&#x179F;&#x17D2;&#x179A;&#x17B9;&#x1784;&#x1793;&#x17C3;&#x1796;&#x1796;&#x17BD;&#x1780;&#x179F;&#x178F;&#x17D2;&#x179C;&#x179A;&#x17C6;&#x1796;&#x17B6; &#x1793;&#x17B7;&#x1784;&#x1794;&#x17C9;&#x17B6;&#x179A;&#x17C9;&#x17B6;&#x179F;&#x17CA;&#x17B8;&#x178F;&#x1793;&#x17C5;&#x179F;&#x17D2;&#x1790;&#x17B6;&#x1793;&#x17B8;&#x1799;&#x17CD;&#x179F;&#x17D2;&#x1791;&#x17B9;&#x1784;&#x1798;&#x17B6;&#x1793;&#x1787;&#x17D0;&#x1799;</subfield>
  </datafield>
  <datafield tag="260" ind1=" " ind2=" ">
    <subfield code="a">Phnom Penh </subfield>
    <subfield code="b">RUA</subfield>
    <subfield code="c">1992</subfield>
  </datafield>
  <datafield tag="300" ind1=" " ind2=" ">
    <subfield code="a">62p.</subfield>
    <subfield code="b">ill.</subfield>
    <subfield code="c">29cm.</subfield>
  </datafield>
  <datafield tag="942" ind1=" " ind2=" ">
    <subfield code="2">ddc</subfield>
    <subfield code="c">AGR</subfield>
  </datafield>
  <datafield tag="999" ind1=" " ind2=" ">
    <subfield code="c">127</subfield>
    <subfield code="d">127</subfield>
  </datafield>
  <datafield tag="952" ind1=" " ind2=" ">
    <subfield code="0">0</subfield>
    <subfield code="1">0</subfield>
    <subfield code="2">ddc</subfield>
    <subfield code="4">0</subfield>
    <subfield code="6">AGR_&#x1783;&#x17B9;&#x1798;_1992_000000000000000_B005_OR_1</subfield>
    <subfield code="7">0</subfield>
    <subfield code="9">376</subfield>
    <subfield code="a">LBB</subfield>
    <subfield code="b">LBB</subfield>
    <subfield code="c">B005</subfield>
    <subfield code="d">2015-09-08</subfield>
    <subfield code="l">1</subfield>
    <subfield code="o">AGR &#x1783;&#x17B9;&#x1798; 1992 B005 Or.1</subfield>
    <subfield code="p">RUA004247</subfield>
    <subfield code="r">2017-09-25</subfield>
    <subfield code="s">2017-09-01</subfield>
    <subfield code="w">2015-09-08</subfield>
    <subfield code="y">AGR</subfield>
  </datafield>
  <datafield tag="952" ind1=" " ind2=" ">
    <subfield code="0">0</subfield>
    <subfield code="1">0</subfield>
    <subfield code="2">ddc</subfield>
    <subfield code="4">0</subfield>
    <subfield code="6">AGR_&#x1783;&#x17B9;&#x1798;_1992_000000000000000_B005_OR_2</subfield>
    <subfield code="7">0</subfield>
    <subfield code="9">377</subfield>
    <subfield code="a">LBB</subfield>
    <subfield code="b">LBB</subfield>
    <subfield code="c">B005</subfield>
    <subfield code="d">2015-09-08</subfield>
    <subfield code="l">1</subfield>
    <subfield code="o">AGR &#x1783;&#x17B9;&#x1798; 1992 B005 Or.2</subfield>
    <subfield code="p">RUA003425</subfield>
    <subfield code="r">2019-07-16</subfield>
    <subfield code="s">2019-07-10</subfield>
    <subfield code="w">2015-09-08</subfield>
    <subfield code="y">AGR</subfield>
  </datafield>
  <datafield tag="952" ind1=" " ind2=" ">
    <subfield code="0">0</subfield>
    <subfield code="1">0</subfield>
    <subfield code="2">ddc</subfield>
    <subfield code="4">0</subfield>
    <subfield code="6">AGR_&#x1783;&#x17B9;&#x1798;_1992_000000000000000_B005_OR_3</subfield>
    <subfield code="7">0</subfield>
    <subfield code="9">378</subfield>
    <subfield code="a">LBB</subfield>
    <subfield code="b">LBB</subfield>
    <subfield code="c">B005</subfield>
    <subfield code="d">2015-09-08</subfield>
    <subfield code="l">1</subfield>
    <subfield code="o">AGR &#x1783;&#x17B9;&#x1798; 1992 B005 Or.3</subfield>
    <subfield code="p">RUA003921</subfield>
    <subfield code="r">2019-07-12</subfield>
    <subfield code="s">2019-07-03</subfield>
    <subfield code="w">2015-09-08</subfield>
    <subfield code="y">AGR</subfield>
  </datafield>
  <datafield tag="952" ind1=" " ind2=" ">
    <subfield code="0">0</subfield>
    <subfield code="1">0</subfield>
    <subfield code="2">ddc</subfield>
    <subfield code="4">0</subfield>
    <subfield code="6">AGR_&#x1783;&#x17B9;&#x1798;_1992_000000000000000_B005_OR_4</subfield>
    <subfield code="7">0</subfield>
    <subfield code="9">379</subfield>
    <subfield code="a">LBB</subfield>
    <subfield code="b">LBB</subfield>
    <subfield code="c">B005</subfield>
    <subfield code="d">2015-09-08</subfield>
    <subfield code="o">AGR &#x1783;&#x17B9;&#x1798; 1992 B005 Or.4</subfield>
    <subfield code="p">RUA003282</subfield>
    <subfield code="r">2015-09-08</subfield>
    <subfield code="w">2015-09-08</subfield>
    <subfield code="y">AGR</subfield>
  </datafield>
  <datafield tag="952" ind1=" " ind2=" ">
    <subfield code="0">0</subfield>
    <subfield code="1">0</subfield>
    <subfield code="2">ddc</subfield>
    <subfield code="4">0</subfield>
    <subfield code="6">AGR_&#x1783;&#x17B9;&#x1798;_1992_000000000000000_B005_OR_5</subfield>
    <subfield code="7">0</subfield>
    <subfield code="9">380</subfield>
    <subfield code="a">LBB</subfield>
    <subfield code="b">LBB</subfield>
    <subfield code="c">B005</subfield>
    <subfield code="d">2015-09-08</subfield>
    <subfield code="l">1</subfield>
    <subfield code="o">AGR &#x1783;&#x17B9;&#x1798; 1992 B005 Or.5</subfield>
    <subfield code="p">RUA003210</subfield>
    <subfield code="r">2019-07-15</subfield>
    <subfield code="s">2019-07-05</subfield>
    <subfield code="w">2015-09-08</subfield>
    <subfield code="y">AGR</subfield>
  </datafield>
  <datafield tag="952" ind1=" " ind2=" ">
    <subfield code="0">0</subfield>
    <subfield code="1">0</subfield>
    <subfield code="2">ddc</subfield>
    <subfield code="4">0</subfield>
    <subfield code="6">AGR_&#x1783;&#x17B9;&#x1798;_1992_000000000000000_B005_OR_6</subfield>
    <subfield code="7">0</subfield>
    <subfield code="9">381</subfield>
    <subfield code="a">LBB</subfield>
    <subfield code="b">LBB</subfield>
    <subfield code="c">B005</subfield>
    <subfield code="d">2015-09-08</subfield>
    <subfield code="o">AGR &#x1783;&#x17B9;&#x1798; 1992 B005 Or.6</subfield>
    <subfield code="p">RUA003354</subfield>
    <subfield code="r">2015-09-08</subfield>
    <subfield code="w">2015-09-08</subfield>
    <subfield code="y">AGR</subfield>
  </datafield>
  <datafield tag="952" ind1=" " ind2=" ">
    <subfield code="0">0</subfield>
    <subfield code="1">0</subfield>
    <subfield code="2">ddc</subfield>
    <subfield code="4">0</subfield>
    <subfield code="6">AGR_&#x1783;&#x17B9;&#x1798;_1992_000000000000000_B005_OR_7</subfield>
    <subfield code="7">0</subfield>
    <subfield code="9">382</subfield>
    <subfield code="a">LBB</subfield>
    <subfield code="b">LBB</subfield>
    <subfield code="c">B005</subfield>
    <subfield code="d">2015-09-08</subfield>
    <subfield code="o">AGR &#x1783;&#x17B9;&#x1798; 1992 B005 Or.7</subfield>
    <subfield code="p">RUA003494</subfield>
    <subfield code="r">2015-09-08</subfield>
    <subfield code="w">2015-09-08</subfield>
    <subfield code="y">AGR</subfield>
  </datafield>
  <datafield tag="952" ind1=" " ind2=" ">
    <subfield code="0">0</subfield>
    <subfield code="1">0</subfield>
    <subfield code="2">ddc</subfield>
    <subfield code="4">0</subfield>
    <subfield code="6">AGR_&#x1783;&#x17B9;&#x1798;_1992_000000000000000_B005_OR_8</subfield>
    <subfield code="7">0</subfield>
    <subfield code="9">383</subfield>
    <subfield code="a">LBB</subfield>
    <subfield code="b">LBB</subfield>
    <subfield code="c">B005</subfield>
    <subfield code="d">2015-09-08</subfield>
    <subfield code="l">1</subfield>
    <subfield code="o">AGR &#x1783;&#x17B9;&#x1798; 1992 B005 Or.8</subfield>
    <subfield code="p">RUA003495</subfield>
    <subfield code="r">2019-07-24</subfield>
    <subfield code="s">2019-07-05</subfield>
    <subfield code="w">2015-09-08</subfield>
    <subfield code="y">AGR</subfield>
  </datafield>
  <datafield tag="952" ind1=" " ind2=" ">
    <subfield code="0">0</subfield>
    <subfield code="1">0</subfield>
    <subfield code="2">ddc</subfield>
    <subfield code="4">0</subfield>
    <subfield code="6">AGR_&#x1783;&#x17B9;&#x1798;_1992_000000000000000_B005_OR_9</subfield>
    <subfield code="7">0</subfield>
    <subfield code="9">384</subfield>
    <subfield code="a">LBB</subfield>
    <subfield code="b">LBB</subfield>
    <subfield code="c">B005</subfield>
    <subfield code="d">2015-09-08</subfield>
    <subfield code="o">AGR &#x1783;&#x17B9;&#x1798; 1992 B005 Or.9</subfield>
    <subfield code="p">RUA003208</subfield>
    <subfield code="r">2015-09-08</subfield>
    <subfield code="w">2015-09-08</subfield>
    <subfield code="y">AGR</subfield>
  </datafield>
</record>
